00650nam a2200229 a 4500001001300000003000900013005001700022008004100039020001000080082001300090100001400103245005500117260004800172300000900220500003500229650001900264700001400283902000800297942000700305952009300312999001500405nice12345678IN_TiNIC20260116011426.0050524s1932 laha grc 000 0 49g  ac10000a224bPRB aPunj, Aab aHlikayat-E-anbiyabhazrat Adam Se Lekar Samson Tak aLahorebPunjab Religious Booksociety c1932 a132p aincludes index and biblioraphy aBible-Prophets1 aPunj, Aab bSRS cPC 00104070aHMIbHMId2007-10-16g100.00l0o224 PRBp4804r2007-10-16w2026-01-16yARB c1417d1417